000 01651cam a22003974a 4500
001 15549187
003 OSt
005 20230330103327.0
008 081205s2010 paua b 001 0 eng
010 _a 2008052932
016 7 _a101490907
_2DNLM
020 _a9780781791038 (alk. paper)
020 _a0781791030 (alk. paper)
035 _a(OCoLC)ocn280354584
040 _aDNLM/DLC
_cLC
_dNLM
_dC#P
_dYDXCP
_dCDX
_dDLC
042 _apcc
050 0 0 _aRT84.5.J63
060 0 0 _a2009 E-916
060 1 0 _aWY 86
_bJ66i 2010
082 0 0 _a610.73/01
_222
100 1 _aJohnson, Betty M.
_91118
245 1 3 _aAn introduction to theory and reasoning in nursing. /
_cBetty M. Johnson, Pamela B. Webber.
250 _a3rd ed.
260 _aPhiladelphia:
_bWolters Kluwer Health/Lippincott Williams & Wilkins,
_c2010.
300 _axxi, 325 p. :
_bill. ;
_c23 cm.
504 _aIncludes bibliographical references and index.
505 0 _aContents: An introduction -- Language, meaning, and structure -- Operationalizing relationships -- Theory and reasoning -- Support theory -- Foundations of nursing theory -- Nursing theory -- Critiquing theory -- Introduction to research -- Theory and practice -- Multidisciplinary theory -- The future --
650 0 _aNursing
_xPhilosophy.
_9525
650 0 _aReasoning.
_91119
650 1 2 _aNursing Theory.
_9206
650 2 2 _aPhilosophy, Nursing.
_9979
700 1 _aWebber, Pamela Bayliss.
_91120
906 _a7
_bcbc
_corignew
_d1
_eecip
_f20
_gy-gencatlg
942 _2lcc
_cBK
999 _c9482
_d16982